000 03661nam a2200385 a 4500
001 Z_4552
003 CHAP
005 20250707100317.0
007 ta
008 220113t1980 -usad fr 001 0 eng d
010 _a167627
020 _a0-8121-0697-0
040 _aZ
_cCHAP
041 0 _bInglés
_fInglés
082 _a636.0824
_bR47 1980
_220
245 _aReproduction in farm animals /
_ceditor E. S. E. Hafez
250 _aCuarta edición
264 1 _aFiladelfia :
_bLea and Febiger,
_c©1980
300 _axi, 627 páginas :
_bilustracines, gráfica, tablas
336 _2rdacontent
_atexto
_btxt
337 _2rdamedia
_asin medio
_bn
338 _2rdacarrier
_avolumen
_bnc
500 _aej.1: 118284
504 _aIncluye bibliografía
505 0 _t1. Introduction to animal reproduction /
_rE. S. E. Hafez --
_gI. Funtional anatomy of reproduction
_t2. Functional anatomy of male reproduction /
_rR. R. Ashdow and J. L. Hancock --
_t3. Functional Anatomy of famale reproduction /
_rE. S. E. Hafez --
_t4. Functional histology of reproduction /
_rE. S. E. Hafez --
_gII. Phisiology of reproduction
_t5. Endocrinology of reproduction /
_rC. C. Kaltenbach and T. G. Dunn --
_t6. Neuroendorcrinology of reproduction /
_rJ. J. Reeves --
_t7. Reproductive life cycle /
_rM. C. Levasseur and C. Thibault --
_t8. Folliculogenesis, egg maturation and ovulation /
_rE. S. E. Hafez, M. C. Levasseur nd C. Thibault --
_t9. Spermatozoa /
_rD. L. Garner and E. S. E. Hafez --
_t10. Secretions of the male reproductive tract and seminal plasma /
_rI. G. Whit --
_t11. Transport and survival of gametes /
_rE. S. E. Hafez --
_t12. Fetilization, cleavege and implantation /
_rA. McLaren --
_t13. Gestation prenatal phisiology and parturition /
_rM. R. Jainudeen and E. S. E. Hafez --
_t14. Lactation /
_rA. T. Cowie and H. L. Buttle --
_t15. Sexual, maternal and neonatal behavior /
_rG. Alexander, J. P. Signoret and E. S. E. Hafez --
_gIII. Reproductive cycles
_t16. Beef and dairy cattle /
_rH. W. Hawk and R. A. Bellows --
_t17. Sheep and goats /
_rC. V. Hulte and M. Shelton --
_t18. Pigs /
_rL. L. Anderson --
_t19. Horses /
_rE. S. E. Hafez --
_t20. Laboratory animal /
_rE. S. E. Hafez --
_t21. Poultry /
_rA. B. Gilbert --
_gIV. Reproductive failure
_t22. Reproductive failure in females /
_rM. R. Jainudeen and E. S. E. Hafez --
_t23. Reproductive failure in males /
_rM. R. Jainudeen and E. S. E. Hafez --
_t24. Intersexuality /
_rR. A. McFeely and L. R. Kressly --
_t25. Reproductive infections /
_rJ. W. Kendrick and J. A. Howarth --
_gV. Techiques for improving reproductive efficiency
_t26. Artificial insemination /
_rR. H. Foote --
_t27. Induction and synchronization of ovulation /
_rJ. H. Britt and J. F. Roche --
_t28. Prengnacy diagnosis /
_rM. R. Jainudeen and E. S. E. Hafez --
_t29. Embryo transfer /
_rT. Sugie, G. E. Seidel, Jr. and E. S. E. Hafez --
_gAppendices -- Index
520 _aThe fourth edition is a complete revision of the third editiion in order to incluide recent progress in gamete ultrastucture and transport, cytogenetics and biochemistry of reproduction, and sexual behavior. ther have been numerous deletions from the third edtition, as well as integration of new references and moderns concepts. Several new chapters have been added dealing with functional histology of reproduction, seminal plasma, foliculogenesis, egg maturation , ovulation, and estrus syncronization.
650 1 3 _aReproducción de animales
_9144201
650 1 3 _aReproducción sexual
_x Animales
_9138286
650 1 3 _aInseminación artificial
_958964
700 1 _aHafez, E. S. E.
_952206
_eeditor
901 _a636.0824 R47 1980
902 _aA
910 _a1980
942 _2ddc
_cLIBRO
999 _c167627
_d167627